header

Hypertension and bone loss (Record no. 62307)

MARC details
000 -LEADER
fixed length control field 02100nam a2200397 a 4500
082 04 - DEWEY DECIMAL CLASSIFICATION NUMBER
Classification number 616.7/16
245 00 - TITLE STATEMENT
Title Hypertension and bone loss
260 ## - PUBLICATION, DISTRIBUTION, ETC. (IMPRINT)
Place of publication Hauppauge, N.Y. :
Name of publisher Nova Science Publishers,
Year of publication 2011.
300 ## - PHYSICAL DESCRIPTION
Number of Pages 95 p. :
Other physical details ill.
490 1# - SERIES STATEMENT
Series statement Aging issues, health and financial alternatives
Series statement Cardiology research and clinical developments
500 ## - GENERAL NOTE
General note "Nova biomedical."
505 0# - FORMATTED CONTENTS NOTE
Formatted contents note The renin-angiotensin system and osteoporosis / Jose Luis Perez-Castrillon, Daniel de Luis, Antonio Duenas-Laita -- Bone mineral density in men and women with essential hypertension / Kazushi Tsuda -- Inverse relationship between blood pressure and bone mineral content in overweight Hispanic women / Afrooz Afghani -- Bone mass and bone remodelling markers in hypertensive postmenopausal women on thiazide diuretics : the Camargo cohort study / Jose M. Olmos ... [et al.] -- Unexpected link between hypertension and osteoporosis / Hideo Shimizu ... [et al.].
650 #0 - SUBJECT ADDED ENTRY--TOPICAL TERM
Topical Term Osteoporosis.
Topical Term Hypertension
Topical Term Osteoporosis
700 1# - ADDED ENTRY--PERSONAL NAME
Personal name Afghani, Afrooz.
856 40 - ELECTRONIC LOCATION AND ACCESS
Uniform Resource Identifier http://site.ebrary.com/lib/rucke/Doc?id=10671131

No items available.

© 2026 Rongo University
Contact us: librarian | system librarian | Rongo university